Path integrals and their applications in quantum, statistical, and solid state physics /

Saved in:
Bibliografiske detaljer
Institution som forfatter: Nato Advanced Study Institute on Path Integrals and Their Applications in Quantum, Statistical, and Solid State Physics State University of Antwerp
Andre forfattere: Papadopoulos, George J., Devreese, Jozef T.
Format: Conference Proceeding Bog
Sprog:English
Udgivet: New York : Plenum Press, c1978.
Serier:NATO advanced study institutes series, series B, physics ; 34
Fag:
LEADER 01598nam a2200325 i 4500
001 c000145970
003 CARM
005 20110610121033.0
008 780602s1978 nyu b 10110 eng
019 1 |a 1207773  |5 LACONCORD2021 
020 |a 0306400170 
035 |a (OCoLC)4003522  |5 LACONCORD2021 
040 |a VCAV 
050 0 0 |a QC174.17.P27  |b N18 1977 
111 2 0 |a Nato Advanced Study Institute on Path Integrals and Their Applications in Quantum, Statistical, and Solid State Physics  |d (1977 :  |c State University of Antwerp) 
245 1 0 |a Path integrals and their applications in quantum, statistical, and solid state physics /  |c edited by George J. Papadopoulos and J. T. Devreese. 
260 |a New York :  |b Plenum Press,  |c c1978. 
300 |a x, 515 p. ;  |c 26 cm. 
490 0 |a NATO advanced study institutes series, series B, physics ;  |v 34 
500 |a Proceedings of a NATO Advanced Study Institute on Path Integrals and Their Applications in Quantum, Statistical, and Solid State Physics held at the State University of Antwerp, July 17-30, 1977. 
504 |a Includes bibliographical references and indexes. 
650 0 |a Integrals, Path  |x Congresses. 
650 0 |a Quantum statistics  |x Congresses. 
650 0 |a Solid state physics  |x Congresses. 
700 1 |a Papadopoulos, George J. 
700 1 |a Devreese, Jozef T. 
852 8 |b CARM  |h A2:AB11B0  |i C10982  |p 0499073  |f BK 
082 0 4 |a 530.1/2  |2 19 
999 f f |i 19392380-3745-5c31-97a4-9403ac0ef3b5  |s 8bf98be8-774b-51eb-9106-ea72b33bf92c 
952 f f |p Can circulate  |a CAVAL  |b CAVAL  |c CAVAL  |d CARM 1 Store  |e C10982  |f A2:AB11B0  |h Other scheme  |i book  |m 0499073